Normal view
MARC view
- Environmental Architecture
Entry Topical Term
001 - CONTROL NUMBER
- control field: 19718
003 - CONTROL NUMBER IDENTIFIER
- control field: OSt
005 - DATE AND TIME OF LATEST TRANSACTION
- control field: 20220803171740.0
008 - FIXED-LENGTH DATA ELEMENTS
- fixed length control field: 220803|| aca||aabn | a|a d
040 ## - CATALOGING SOURCE
- Original cataloging agency: OSt
- Transcribing agency: OSt
150 ## - HEADING--TOPICAL TERM
- Topical term or geographic name entry element: Environmental Architecture
670 ## - SOURCE DATA FOUND
- Source citation: Work cat.: (OSt)13390: Sarkar S K 19717, Regulation In Infrastructure Services : Progress And The Way Forward., 2001